Teu zhong : (Record no. 10468)
[ view plain ]
| 000 -LEADER | |
|---|---|
| fixed length control field | 00432nam a22001697a 4500 |
| 003 - CONTROL NUMBER IDENTIFIER | |
| control field | OSt |
| 005 - DATE AND TIME OF LATEST TRANSACTION | |
| control field | 20140310182211.0 |
| 008 - FIXED-LENGTH DATA ELEMENTS--GENERAL INFORMATION | |
| fixed length control field | 130906t xxu||||| |||| 00| 0 eng d |
| 020 ## - INTERNATIONAL STANDARD BOOK NUMBER | |
| International Standard Book Number | 7204041143 |
| 050 ## - LIBRARY OF CONGRESS CALL NUMBER | |
| Classification number | DS 777.537 |
| Item number | .T351 [ca.1990] |
| 082 ## - DEWEY DECIMAL CLASSIFICATION NUMBER | |
| Classification number | HS 951 |
| Item number | T29 199 |
| 245 ## - TITLE STATEMENT | |
| Title | Teu zhong : |
| Remainder of title | history |
| 300 ## - PHYSICAL DESCRIPTION | |
| Extent | 757 p. : |
| Dimensions | 20 cm. |
| 651 ## - SUBJECT ADDED ENTRY--GEOGRAPHIC NAME | |
| Geographic name | History |
| General subdivision | --Chinese language. |
| 9 (RLIN) | 16770 |
| 942 ## - ADDED ENTRY ELEMENTS (KOHA) | |
| Source of classification or shelving scheme | Library of Congress Classification |
| Koha item type | |
| Withdrawn status | Lost status | Source of classification or shelving scheme | Damaged status | Home library | Current library | Shelving location | Date acquired | Total Checkouts | Full call number | Barcode | Date last seen | Date checked out | Copy number | Price effective from | Koha item type |
|---|---|---|---|---|---|---|---|---|---|---|---|---|---|---|---|
| Library of Congress Classification | Luxembourg Library | Luxembourg Library | High School Section | 09/06/2013 | 1 | DS 777.537 .T351 [ca.1990] | 13992 | 12/02/2019 | 11/18/2019 | 1 | 09/06/2013 | Books |